[Event "otb"]
[Site "otb"]
[Date "2007.04.15"]
[Round "1.3"]
[White "Mchedlishvili Mikheil"]
[Black "Tiviakov Sergei"]
[Result "0-1"]
[WhiteElo "2609"]
[BlackElo "2663"]
[PlyCount "110"]
[Source "www.chesslib.no"]
[SourceDate "2004.05.04"]

1. d4 Nf6 2. c4 e6 3. g3 d5 4. Nf3 c6 5. Nbd2 b6 6. Bg2 Bb7 7. O-O Be7 8. Qc2 Nbd7 9. e4 O-O 10. e5 Ne8 11. cxd5 cxd5 12. Re1 Qc8 13. Qd1 Ba6 14. Nf1 Qb7 15. h4 Rc8 16. Bg5 Nb8 17. a3 Nc6 18. b4 Bxf1 19. Bxf1 Bxg5 20. hxg5 Ne7 21. Qd2 Ng6 22. Rec1 Nc7 23. Rc3 Na8 24. Rac1 Rxc3 25. Qxc3 Ne7 26. b5 Rc8 27. Qb2 Rxc1 28. Qxc1 Nc7 29. Qb2 Ne8 30. Bd3 Qc7 31. Kg2 g6 32. g4 Kg7 33. Ng1 h6 34. gxh6+ Kxh6 35. Nf3 Kg7 36. Qd2 Ng8 37. Ng5 Qe7 38. Qc1 Qc7 39. Qf4 Nh6 40. Bf1 Qc3 41. a4 Qc2 42. Nf3 Qxa4 43. Kg3 Qd1 44. Kg2 Qb1 45. Be2 Qc2 46. Kf1 Qc7 47. Ng5 Qe7 48. Qe3 Nc7 49. Qc1 Ng8 50. Nf3 Qd7 51. Qb2 Nh6 52. Ne1 Qe7 53. Qc1 Qh4 54. Nf3 Qh3+ 55. Ke1 Qh1+ 0-1

[Event "15. European Team Championship"]
[Site "?"]
[Date "2005.08.03"]
[Round "5.10"]
[White "Beliavsky Alexander G"]
[Black "Georgiev Kiril"]
[Result "1/2-1/2"]
[WhiteElo "2599"]
[BlackElo "2666"]
[PlyCount "92"]
[EventDate "2005.??.??"]
[Source "www.chesslib.no"]
[SourceDate "2004.05.04"]

1. d4 Nf6 2. c4 e6 3. Nf3 d5 4. g3 Bb4+ 5. Bd2 Be7 6. Bg2 O-O 7. O-O c6 8. Bf4 Nbd7 9. Qc2 Nh5 10. Bc1 Nhf6 11. Nbd2 b6 12. e4 Bb7 13. e5 Ne8 14. b3 Rc8 15. Bb2 Nc7 16. Rfd1 c5 17. dxc5 Bxc5 18. a3 Be7 19. b4 a5 20. Bc3 axb4 21. axb4 Ra8 22. Rab1 Qc8 23. Nd4 Nxe5 24. Nf5 Ng6 25. Nxe7+ Nxe7 26. Qb2 f6 27. Bd4 dxc4 28. Bxb7 Qxb7 29. Nxc4 Ncd5 30. Qb3 Nf5 31. Qf3 Qc6 32. Qe4 Nxd4 33. Rxd4 Kh8 34. Ne3 f5 35. Qd3 Nf6 36. Rd6 Qf3 37. Nc4 Qh5 38. Ne5 Ne4 39. Rxb6 Nxf2 40. Qf3 Nh3+ 41. Kh1 Qe8 42. Qc6 Qd8 43. Qd6 Qc8 44. Qc6 Qd8 45. Qd6 Qc8 46. Qc6 Qd8 1/2-1/2

[Event "Hinnerup"]
[Site "Hinnerup"]
[Date "1995.??.??"]
[Round "?"]
[White "Andersson, Ulf"]
[Black "Hansen, Curt"]
[Result "1/2-1/2"]
[WhiteElo "2630"]
[BlackElo "2630"]
[PlyCount "73"]
[EventDate "1995.??.??"]
[Source "www.chesslib.no"]
[SourceDate "2004.05.04"]

1. Nf3 Nf6 2. c4 e6 3. g3 d5 4. d4 Be7 5. Bg2 O-O 6. O-O Nbd7 7. Qc2 c6 8. Nbd2 b6 9. e4 Bb7 10. b3 Rc8 11. Bb2 c5 12. exd5 exd5 13. dxc5 dxc4 14. Nxc4 b5 15. Nce5 Nxe5 16. Nxe5 Bxg2 17. Kxg2 Bxc5 18. Rad1 Qa5 19. Qf5 Qa6 20. Nd3 Qc6+ 21. Qf3 Be7 22. Rfe1 Qxf3+ 23. Kxf3 Rfe8 24. Nf4 a6 25. Bxf6 Bxf6 26. Rxe8+ Rxe8 27. Rd6 Ra8 28. Nd5 Be5 29. Rc6 g6 30. Nb4 a5 31. Nd3 Bxg3 32. Nc5 a4 33. Ne4 Rc8 34. Nd2 Rd8 35. bxa4 Rb8 36. Rc1 bxa4 37. Rg1 1/2-1/2

[Event "Mind Sports Games - Rapid Ind"]
[Site "Pechino CINA"]
[Date "2008.10.07"]
[Round "9"]
[White "Zhang Zhong"]
[Black "Fier, A."]
[Result "0-1"]
[WhiteElo "2649"]
[BlackElo "2581"]
[PlyCount "104"]
[EventDate "2008.10.05"]
[Source "www.chesslib.no"]
[SourceDate "2004.05.04"]

1. Nf3 Nf6 2. g3 e6 3. Bg2 d5 4. O-O Be7 5. d4 O-O 6. c4 c6 7. Qc2 b6 8. b3 Ba6 9. Bb2 Nbd7 10. Nbd2 Rc8 11. e4 c5 12. exd5 exd5 13. Rfe1 dxc4 14. bxc4 b5 15. Ne5 Bd6 16. Nc6 Qc7 17. d5 Rce8 18. a4 b4 19. Nb3 Ng4 20. Nba5 Nge5 21. f4 Nxc6 22. Nxc6 Nb6 23. Bf1 Nd7 24. a5 Nb8 25. Qa4 Nxc6 26. dxc6 Re7 27. Rad1 Rfe8 28. Rxe7 Qxe7 29. Qb3 Bc8 30. Qf3 Bc7 31. a6 Rd8 32. Rd5 Bxa6 33. Qg4 f6 34. Qf5 Bc8 35. Qd3 Be6 36. Qe4 Re8 37. Rd2 Bf7 38. Qf3 Rd8 39. Re2 Qd6 40. Re3 a5 41. Bd3 a4 42. Bc2 a3 43. Ba1 Re8 44. Rd3 Qe6 45. Rd7 Qe1+ 46. Qf1 Bxc4 47. Qxe1 Rxe1+ 48. Kf2 Re2+ 49. Kf3 Rxc2 50. Rxc7 Be6 51. Ke3 b3 52. Re7 b2 0-1

[Event "Eupen Open"]
[Site "Eupen BEL"]
[Date "1996.??.??"]
[Round "?"]
[White "Wojtkiewicz, Aleksander"]
[Black "Jussupow, Artur M"]
[Result "1/2-1/2"]
[WhiteElo "2550"]
[BlackElo "2655"]
[PlyCount "32"]
[EventDate "1996.??.??"]
[Source "www.chesslib.no"]
[SourceDate "2004.05.04"]

1. Nf3 d5 2. d4 Nf6 3. c4 e6 4. g3 Bb4+ 5. Bd2 Be7 6. Bg2 O-O 7. O-O c6 8. Qc2 Nbd7 9. Bf4 Nh5 10. Bc1 Nhf6 11. Nbd2 b6 12. b3 Bb7 13. Bb2 Qc8 14. e4 dxe4 15. Nxe4 c5 16. Nxf6+ Bxf6 1/2-1/2

[Event "Kallithea 85/418"]
[Site "?"]
[Date "2002.??.??"]
[Round "?"]
[White "Avrukh, B."]
[Black "Filippov, Va"]
[Result "1-0"]
[WhiteElo "2582"]
[BlackElo "2615"]
[PlyCount "71"]
[EventDate "2002.??.??"]
[Source "Chess Informant"]
[SourceDate "2002.06.01"]

1. d4 Nf6 2. c4 e6 3. Nf3 d5 4. g3 c6 5. Nbd2 Nbd7 6. Bg2 Be7 7. O-O O-O 8. Qc2 b6 9. e4 Bb7 10. e5 Ne8 11. cxd5 cxd5 12. Re1 Rc8 13. Qa4 Nc7 14. Bf1 a5 15. Bd3 Ba6 16. Bb1 Nb5 17. Qb3 Nb8 18. Nf1 Rc4 19. Qd3 g6 20. Bh6 Rb4 21. Qd1 Rxb2 22. Bxf8 Qxf8 23. Bd3 a4 24. Bxb5 Bxb5 25. Rb1 Ba3 26. Ne3 Nc6 27. Nc2 Bc4 28. Nxa3 Qxa3 29. Rxb2 Qxb2 30. Qxa4 Nxd4 31. Qe8+ Kg7 32. Ng5 Ne2+ 33. Kg2 Qxe5 34. Qxf7+ Kh6 35. f4 Qg7 36. Qxe6 1-0

[Event "60th ch-RUS Higher League"]
[Site "Krasnoyarsk RUS"]
[Date "2007.09.08"]
[Round "5"]
[White "Kornev, Alexei"]
[Black "Nepomniachtchi, I."]
[Result "1/2-1/2"]
[WhiteElo "2567"]
[BlackElo "2613"]
[PlyCount "88"]
[EventDate "2007.09.03"]
[Source "www.chesslib.no"]
[SourceDate "2004.05.04"]

1. d4 d5 2. c4 c6 3. Nf3 e6 4. Nbd2 Nf6 5. g3 Be7 6. Bg2 O-O 7. O-O Nbd7 8. Qc2 b6 9. e4 Ba6 10. b3 Rc8 11. Bb2 c5 12. exd5 exd5 13. Rfe1 Re8 14. Rad1 cxd4 15. Nxd4 Bc5 16. Rxe8+ Qxe8 17. Qf5 Bb4 18. N4f3 dxc4 19. bxc4 Bb7 20. Re1 Qf8 21. Re2 Re8 22. Bf1 Rxe2 23. Bxe2 Qd6 24. Qd3 Qc6 25. Nb3 Qa4 26. Nc1 Bf8 27. Bd1 Qc6 28. Nb3 Ne4 29. Nbd4 Qf6 30. Qe3 Nd6 31. Nd2 Nf5 32. Qf4 g6 33. Bf3 Nxd4 34. Qxf6 Nxf3+ 35. Qxf3 Bxf3 36. Nxf3 Nc5 37. Kf1 Nd3 38. Bd4 Bg7 39. Be3 Nb4 40. a4 Nd3 41. Ke2 Nb2 42. c5 bxc5 43. a5 Bf8 44. Ne5 a6 1/2-1/2

[Event "Ch (Men) Krakow POL"]
[Site "?"]
[Date "2006.03.09"]
[Round "13.1"]
[White "Markowski Tomasz"]
[Black "Wojtaszek Radoslaw"]
[Result "1-0"]
[WhiteElo "2565"]
[BlackElo "2605"]
[PlyCount "107"]
[EventDate "2006.??.??"]
[Source "www.chesslib.no"]
[SourceDate "2004.05.04"]

1. Nf3 Nf6 2. c4 e6 3. g3 d5 4. Bg2 Be7 5. O-O O-O 6. d4 Nbd7 7. Qc2 c6 8. b3 b6 9. Bb2 Ba6 10. Nbd2 c5 11. Rac1 Rc8 12. Qb1 cxd4 13. Nxd4 Bc5 14. cxd5 Nxd5 15. Ne4 Qe7 16. Nxc5 bxc5 17. Bxd5 cxd4 18. Be4 Nf6 19. Bxd4 e5 20. Bb2 Bxe2 21. Rxc8 Rxc8 22. Bf5 Bxf1 23. Bxc8 Bb5 24. Qc2 Qb4 25. Qd1 Bc6 26. Qe2 Ne4 27. Bg4 f6 28. Bf3 g6 29. Qe3 Qb7 30. h4 a6 31. Ba3 Kg7 32. Bd1 Qd7 33. Be2 Bb7 34. Bb4 Qc6 35. Qh6+ Kf7 36. Qxh7+ Ke6 37. Bg4+ Kd5 38. Qd7+ Qxd7 39. Bxd7 Bc6 40. Bc8 Bb5 41. Kg2 Kd4 42. g4 Nc3 43. a4 Bc6+ 44. Kf1 Nd5 45. Ba5 Nf4 46. Bxa6 Bf3 47. g5 f5 48. Bd2 Nd3 49. Bc4 f4 50. Ba5 Nc1 51. Bc7 Bd1 52. Bf7 Nxb3 53. Bxg6 Bg4 54. Ke1 1-0

[Event "Cappelle la Grande 75/446"]
[Site "?"]
[Date "1999.??.??"]
[Round "?"]
[White "Mikhalevski, Victor"]
[Black "Akopian, Vladimir"]
[Result "0-1"]
[WhiteElo "2528"]
[BlackElo "2640"]
[PlyCount "50"]
[EventDate "1999.??.??"]
[Source "ChessBase"]
[SourceDate "1999.02.01"]

1. d4 Nf6 2. c4 e6 3. g3 d5 4. Nf3 Be7 5. Bg2 O-O 6. O-O c6 7. Qc2 Nbd7 8. b3 b6 9. Rd1 Ba6 10. Nbd2 Rc8 11. e4 c5 12. exd5 exd5 13. Bb2 cxd4 14. Nxd4 b5 15. Qf5 bxc4 16. bxc4 g6 17. Qh3 dxc4 18. Bc3 Nc5 19. Re1 Na4 20. Ne6 fxe6 21. Qxe6+ Kh8 22. Ne4 Nxc3 23. Ng5 Bc5 24. Nf7+ Rxf7 25. Qxf7 Qd4 0-1

[Event "Foxwoods op"]
[Site "Connecticut"]
[Date "2000.04.23"]
[Round "6"]
[White "Wojtkiewicz, Aleksander"]
[Black "Shabalov, Alexander"]
[Result "1/2-1/2"]
[WhiteElo "2563"]
[BlackElo "2592"]
[PlyCount "49"]
[EventDate "2000.04.20"]
[Source "www.chesslib.no"]
[SourceDate "2004.05.04"]

1. Nf3 d5 2. d4 Nf6 3. c4 c6 4. Qc2 e6 5. Nbd2 Nbd7 6. g3 b6 7. Bg2 Bb7 8. O-O Be7 9. e4 O-O 10. Rd1 Rc8 11. b3 c5 12. exd5 exd5 13. Bb2 dxc4 14. Nxc4 b5 15. d5 Nxd5 16. Nce5 N7f6 17. Ng5 h6 18. Nexf7 Rxf7 19. Nxf7 Kxf7 20. Bxf6 Bxf6 21. Rxd5 Bxd5 22. Rd1 Bd4 23. Qf5+ Kg8 24. Bxd5+ Kh8 25. Re1 1/2-1/2

[Event "Campionato europeo 2007"]
[Site "Dresda GER"]
[Date "2007.04.03"]
[Round "1"]
[White "Vallejo Pons, Francisco"]
[Black "Hera, Imre"]
[Result "1/2-1/2"]
[WhiteElo "2676"]
[BlackElo "2477"]
[PlyCount "51"]
[EventDate "2007.04.03"]
[Source "www.chesslib.no"]
[SourceDate "2004.05.04"]

1. g3 Nf6 2. Bg2 d5 3. Nf3 e6 4. O-O Be7 5. c4 O-O 6. d4 c6 7. Qc2 b6 8. b3 Nbd7 9. Rd1 Ba6 10. Nbd2 Rc8 11. e4 c5 12. e5 Ne8 13. Bb2 cxd4 14. Nxd4 b5 15. Rac1 Qb6 16. N4f3 bxc4 17. bxc4 Bxc4 18. Bd4 Qa6 19. Bf1 Ba3 20. Ng5 g6 21. Nxc4 Bxc1 22. Qxc1 dxc4 23. Ne4 f5 24. exf6 Nexf6 25. Qh6 e5 26. Bc3 1/2-1/2

[Event "Banja Luka"]
[Site "Banja Luka"]
[Date "1976.??.??"]
[Round "6"]
[White "Smejkal, Jan"]
[Black "Kurajica, Bojan"]
[Result "1-0"]
[WhiteElo "2615"]
[BlackElo "2525"]
[PlyCount "146"]
[EventDate "1976.12.??"]
[Source "ChessBase"]

1. Nf3 Nf6 2. g3 d5 3. Bg2 e6 4. O-O Be7 5. d4 O-O 6. c4 c6 7. Qc2 Nbd7 8. b3 b6 9. Rd1 Ba6 10. Nbd2 Rc8 11. e4 Qc7 12. e5 Ne8 13. Nf1 Qd8 14. h4 Nc7 15. Bf4 Bb7 16. Ne3 h6 17. Ng4 c5 18. Qd2 h5 19. Ne3 Qe8 20. Ng5 cxd4 21. Qxd4 f6 22. Nf3 Qf7 23. Qd2 Nc5 24. exf6 Bxf6 25. Ne5 Bxe5 26. Bxe5 Ne4 27. Bxe4 dxe4 28. Qb2 Ne8 29. Rd2 Nf6 30. Rad1 Bc6 31. Bxf6 gxf6 32. Rd6 Rc7 33. Ng2 Re8 34. Qe2 e5 35. Ne3 Qg6 36. Nd5 Bxd5 37. R1xd5 Ree7 38. Qe3 Kh7 39. Rd1 Qf5 40. Rd8 Rg7 41. R1d6 Rcf7 42. Kf1 Qf3 43. Qxf3 exf3 44. Ke1 f5 45. Re6 Re7 46. Rxe7 Rxe7 47. Rd3 f4 48. Rxf3 Kg6 49. Rd3 Kf5 50. Ke2 Rc7 51. gxf4 Kxf4 52. Rg3 b5 53. Kd3 bxc4+ 54. bxc4 Rd7+ 55. Kc2 Ke4 56. Re3+ Kf5 57. c5 Rc7 58. Rc3 Ke6 59. c6 Kd6 60. Kd3 Rf7 61. Rc2 Rf3+ 62. Ke2 Rf7 63. Ke3 Kc7 64. Ke4 Rf4+ 65. Kxe5 Rxh4 66. f4 Rh1 67. f5 Re1+ 68. Kd5 Rf1 69. Ke6 Re1+ 70. Kf6 h4 71. Rh2 Kxc6 72. Rxh4 a5 73. Kf7 Re2 1-0

[Event "EU-ch 1st"]
[Site "Saint Vincent"]
[Date "2000.07.06"]
[Round "4"]
[White "Hertneck, Gerald"]
[Black "Galkin, Alexander"]
[Result "1-0"]
[WhiteElo "2541"]
[BlackElo "2587"]
[PlyCount "85"]
[EventDate "2000.07.03"]
[Source "ChessBase"]
[SourceDate "2000.10.18"]

1. d4 d5 2. c4 e6 3. Nf3 c6 4. Nbd2 Nf6 5. g3 Nbd7 6. Bg2 Be7 7. O-O O-O 8. Qc2 b6 9. e4 Bb7 10. e5 Ne8 11. b3 Rc8 12. Bb2 c5 13. Rac1 Nc7 14. Rfd1 cxd4 15. Nxd4 Bc5 16. f4 Qe7 17. N2f3 Rfd8 18. Kh1 dxc4 19. Ng5 Bxg2+ 20. Kxg2 Nf8 21. Nc6 Qe8 22. Nxd8 cxb3 23. axb3 Rxd8 24. b4 Nd5 25. Rxd5 Rxd5 26. bxc5 Rxc5 27. Qe4 Rxc1 28. Bxc1 h6 29. Nf3 Qc8 30. Ba3 Nd7 31. g4 b5 32. f5 Nb6 33. fxe6 Qxe6 34. Bc5 a5 35. Nd4 Qa2+ 36. Kg3 Nd7 37. Bd6 Qc4 38. Qa8+ Kh7 39. Nf3 a4 40. Qb7 a3 41. Qxd7 a2 42. Qa7 h5 43. gxh5 1-0

[Event "Moscow Aeroflot op"]
[Site "Moscow"]
[Date "2002.02.05"]
[Round "1"]
[White "Filippov, Valerij"]
[Black "Meister, Yakov"]
[Result "1/2-1/2"]
[WhiteElo "2625"]
[BlackElo "2494"]
[PlyCount "118"]
[EventDate "2002.02.04"]
[Source "ChessBase"]
[SourceDate "2002.03.21"]

1. Nf3 d5 2. d4 e6 3. g3 c6 4. Bg2 Nf6 5. O-O Nbd7 6. Nbd2 b6 7. c4 Bb7 8. Qc2 Be7 9. e4 O-O 10. Rd1 c5 11. cxd5 exd5 12. e5 Ne8 13. Nf1 Rc8 14. Qe2 Nc7 15. Ne3 Re8 16. Nf5 Bf8 17. Be3 cxd4 18. Bxd4 f6 19. Re1 g6 20. N5h4 Bg7 21. Bh3 fxe5 22. Bxd7 Qxd7 23. Nxe5 Qd6 24. f4 Ne6 25. Rad1 Nxd4 26. Rxd4 Rc4 27. Rxc4 dxc4 28. Qxc4+ Qd5 29. Qxd5+ Bxd5 30. b3 Rc8 31. Rd1 Be6 32. Rd2 Bf8 33. Nhf3 Bb4 34. Re2 Bf5 35. g4 Bc2 36. Kf2 Bd1 37. Re4 Rc2+ 38. Kg3 a5 39. Rd4 Bxf3 40. Kxf3 Rxa2 41. Rd8+ Kg7 42. Rd7+ Kg8 43. f5 gxf5 44. gxf5 Bc3 45. Ng4 h5 46. Nh6+ Kf8 47. f6 Rd2 48. Rf7+ Ke8 49. Re7+ Kf8 50. Rf7+ Ke8 51. Re7+ Kf8 52. Re6 Bd4 53. f7 Bc5 54. Rg6 Ke7 55. Rg8 Rd8 56. Nf5+ Kd7 57. Rxd8+ Kxd8 58. Ke4 Bf8 59. Kd5 b5 1/2-1/2

[Event "Istanbul ol (Men)"]
[Site "Istanbul"]
[Date "2000.11.12"]
[Round "14"]
[White "Delchev, Aleksander"]
[Black "Hansen, Lars Bo"]
[Result "1/2-1/2"]
[WhiteElo "2557"]
[BlackElo "2562"]
[PlyCount "170"]
[EventDate "2000.10.??"]
[Source "www.chesslib.no"]
[SourceDate "2004.05.04"]

1. c4 e6 2. g3 d5 3. Bg2 Nf6 4. Nf3 Be7 5. O-O O-O 6. d4 Nbd7 7. b3 c6 8. Qc2 b6 9. Rd1 Ba6 10. Nbd2 Rc8 11. e4 c5 12. exd5 exd5 13. Nf1 dxc4 14. d5 Ne8 15. bxc4 Nd6 16. Ne3 Re8 17. Bf1 b5 18. Rb1 bxc4 19. Qa4 Bb7 20. Bd2 Ra8 21. Ba5 Nb6 22. Qc2 Bc8 23. Ne5 Bf6 24. N5xc4 Ndxc4 25. Nxc4 Bg4 26. Rd2 Bd4 27. Nxb6 axb6 28. Bxb6 Qxd5 29. Bg2 Bf3 30. Bxf3 Qxf3 31. Bxc5 Bxc5 32. Qxc5 h5 33. h4 Ra4 34. Qc7 Raa8 35. Rdb2 Kh7 36. Rb3 Qd5 37. Qc2+ Kg8 38. a3 g6 39. Rd1 Qe6 40. Rf3 Rec8 41. Qd2 Rc7 42. Qd4 Rca7 43. Rdd3 Qe7 44. Rde3 Qf8 45. Qb2 Qd6 46. Rf6 Qd1+ 47. Kh2 Rc7 48. Qa2 Kg7 49. Ref3 Raa7 50. Qb2 Kh7 51. Qe5 Re7 52. Qf4 Qa1 53. Qc4 Kg7 54. R6f4 Rac7 55. Qd5 Rcd7 56. Qc4 Rc7 57. Qd4+ Qxd4 58. Rxd4 Rc2 59. Ra4 Re6 60. Kg2 Ra2 61. Ra7 Rf6 62. Rxf6 Kxf6 63. Kf3 Kg7 64. Ke3 Kf6 65. f3 Ra1 66. Ra4 Kg7 67. Ke4 Re1+ 68. Kf4 Ra1 69. Ke5 Rg1 70. Kf4 Ra1 71. Ra7 Kf6 72. Ke3 Ra2 73. Ra4 Kg7 74. Ra5 Kf6 75. g4 hxg4 76. fxg4 Rh2 77. h5 Rh3+ 78. Kf4 gxh5 79. gxh5 Rh4+ 80. Kg3 Rc4 81. Ra6+ Kg7 82. h6+ Kh7 83. Rf6 Rc3+ 84. Rf3 Rc7 85. a4 Ra7 1/2-1/2

[Event "RUS-ch m3-4"]
[Site "Elista"]
[Date "1997.05.21"]
[Round "1.3"]
[White "Landa, Konstantin"]
[Black "Malakhov, Vladimir"]
[Result "1/2-1/2"]
[WhiteElo "2570"]
[BlackElo "2540"]
[PlyCount "114"]
[EventDate "1997.04.19"]
[Source "ChessBase"]
[SourceDate "1997.08.01"]

1. d4 d5 2. c4 e6 3. Nf3 c6 4. Nbd2 Nf6 5. g3 Be7 6. Bg2 O-O 7. O-O Nbd7 8. b3 b6 9. Bb2 Bb7 10. Qc2 Rc8 11. e4 dxe4 12. Nxe4 c5 13. Nxf6+ Nxf6 14. Rad1 cxd4 15. Bxd4 Be4 16. Qe2 Qc7 17. Ne5 Bxg2 18. Kxg2 Qb7+ 19. Qf3 Qxf3+ 20. Kxf3 Rfd8 21. Rd3 Ne8 22. Rfd1 f6 23. Ng4 Kf7 24. Ne3 Rd7 25. Bb2 Rxd3 26. Rxd3 Rd8 27. Rxd8 Bxd8 28. Ba3 Be7 29. Bxe7 Kxe7 30. Ke4 Kd6 31. Kd4 a5 32. f4 Kc6 33. a3 Nc7 34. b4 axb4 35. axb4 Kd6 36. Ng4 Na6 37. Kc3 Nb8 38. Nf2 e5 39. f5 Nc6 40. Ne4+ Kc7 41. c5 Nd4 42. g4 Nf3 43. h3 Ng1 44. h4 Nf3 45. h5 h6 46. Kc4 bxc5 47. Nxc5 Nh2 48. Ne6+ Kc6 49. Nxg7 Nxg4 50. Ne8 e4 51. Kd4 e3 52. Kd3 Kb5 53. Nxf6 Nxf6 54. Kxe3 Kxb4 55. Kd4 Nxh5 56. Ke5 Kc5 57. f6 Nxf6 1/2-1/2

[Event "Balatonbereny"]
[Site "Balatonbereny"]
[Date "1996.??.??"]
[Round "6"]
[White "Stangl, Markus"]
[Black "Horvath, Csaba"]
[Result "0-1"]
[WhiteElo "2565"]
[BlackElo "2540"]
[PlyCount "120"]
[EventDate "1996.06.13"]
[Source "ChessBase"]

1. Nf3 Nf6 2. c4 e6 3. g3 d5 4. Bg2 Be7 5. O-O O-O 6. d4 c6 7. Qc2 Nbd7 8. Rd1 b6 9. b3 Ba6 10. Nbd2 Rc8 11. e4 c5 12. exd5 exd5 13. Qf5 g6 14. Qh3 b5 15. cxd5 c4 16. Ng5 Qb6 17. Nde4 Rfd8 18. Bf4 Bf8 19. d6 h6 20. Ne6 Nxe4 21. Nxd8 Nxf2 22. Kxf2 Rxd8 23. bxc4 bxc4 24. Bxh6 Ne5 25. Be3 Nd3+ 26. Kg1 Re8 27. Qd7 Bb5 28. Qc7 Rxe3 29. Rf1 Be8 30. Qxb6 axb6 31. Bd5 Bxd6 32. Bxc4 b5 33. Bb3 Ba3 34. d5 Kf8 35. Rad1 Bc5 36. Kg2 Ke7 37. Rd2 f5 38. Rfd1 Ne1+ 39. Kf1 Nf3 40. d6+ Kd7 41. Rc2 Bb6 42. Rd5 Re1+ 43. Kg2 g5 44. Rc7+ Kd8 45. Rh7 Re2+ 46. Kh1 Re1+ 47. Kg2 Re2+ 48. Kh1 g4 49. Rd1 Ng5 50. Re7 Bc6+ 51. Bd5 Bxd5+ 52. Rxd5 Ne4 53. Rd1 f4 54. Rf1 Nf2+ 55. Kg1 Ne4+ 56. Kh1 f3 57. Rh7 Nf2+ 58. Kg1 Nh3+ 59. Kh1 Rg2 60. Rb7 Rg1+ 0-1

[Event "ROM-chT"]
[Site "Timisu de Sus"]
[Date "1998.??.??"]
[Round "4"]
[White "Badea, Bela"]
[Black "Nisipeanu, Liviu Dieter"]
[Result "0-1"]
[WhiteElo "2530"]
[BlackElo "2575"]
[PlyCount "79"]
[EventDate "1998.11.??"]
[Source "www.chesslib.no"]
[SourceDate "2004.05.04"]

1. Nf3 Nf6 2. c4 e6 3. g3 d5 4. Bg2 c6 5. b3 Be7 6. O-O O-O 7. d4 Nbd7 8. Bb2 b6 9. Qc2 Bb7 10. Nbd2 Rc8 11. e4 c5 12. exd5 exd5 13. dxc5 dxc4 14. Nxc4 Rxc5 15. Bd4 Rh5 16. Ne3 Bc5 17. Bxc5 Rxc5 18. Qe2 Re8 19. b4 Rc7 20. Rfc1 Rxc1+ 21. Rxc1 Nd5 22. Qd2 Nxe3 23. fxe3 g6 24. Rd1 Qe7 25. e4 Nf6 26. e5 Ng4 27. Qf4 Bxf3 28. Bxf3 Nxe5 29. Bg2 Kg7 30. h3 Rc8 31. Rd5 f6 32. Qd2 Rc4 33. a3 Qc7 34. Rd8 Rc1+ 35. Kh2 Rc2 36. Qd5 Nf3+ 37. Kh1 Rc1+ 38. Bf1 Rxf1+ 39. Kg2 Rg1+ 40. Kxf3 0-1

[Event "It (Men) Pulvermuehle GER"]
[Site "?"]
[Date "2006.02.28"]
[Round "4"]
[White "Jussupow Artur"]
[Black "Markos Jan"]
[Result "1/2-1/2"]
[WhiteElo "2605"]
[BlackElo "2493"]
[PlyCount "75"]
[EventDate "2006.??.??"]
[Source "www.chesslib.no"]
[SourceDate "2004.05.04"]

1. d4 Nf6 2. c4 e6 3. Nf3 b6 4. g3 Ba6 5. b3 Bb4+ 6. Bd2 Be7 7. Bg2 c6 8. O-O d5 9. Qc2 Nbd7 10. Rd1 O-O 11. Bf4 Nh5 12. Bc1 Nhf6 13. Nbd2 Rc8 14. e4 Nxe4 15. Nxe4 dxe4 16. Qxe4 b5 17. Qc2 bxc4 18. bxc4 c5 19. d5 exd5 20. Rxd5 Bb7 21. Rd1 Bxf3 22. Bxf3 Bf6 23. Rb1 Bd4 24. Bf4 Qf6 25. Bg4 Rcd8 26. Bc7 Rc8 27. Bf4 Rcd8 28. Qf5 Qxf5 29. Bxf5 Ne5 30. Bxe5 Bxe5 31. Be4 Bd4 32. Rd3 Rfe8 33. Bd5 Re7 34. Rdb3 g6 35. Rb7 Rdd7 36. Rxd7 Rxd7 37. Kg2 h5 38. Rb7 1/2-1/2

[Event "Vlissingen HZ op"]
[Site "Vlissingen"]
[Date "1998.07.15"]
[Round "5"]
[White "Mikhalevski, Victor"]
[Black "Ikonnikov, Vyacheslav"]
[Result "1-0"]
[WhiteElo "2540"]
[BlackElo "2555"]
[PlyCount "67"]
[EventDate "1998.07.??"]
[Source "ChessBase"]
[SourceDate "1998.09.30"]

1. d4 Nf6 2. c4 e6 3. g3 Bb4+ 4. Nd2 d5 5. Bg2 O-O 6. Ngf3 Nbd7 7. O-O c6 8. Qc2 Be7 9. e4 b6 10. Ng5 h6 11. Nh3 dxe4 12. Nxe4 Bb7 13. Nc3 Bd6 14. Be3 Qc7 15. Rab1 e5 16. b4 exd4 17. Bxd4 a6 18. Na4 Be5 19. Be3 b5 20. Nc5 Nxc5 21. Bxc5 Rfd8 22. a4 bxa4 23. Qxa4 Nd7 24. Be3 c5 25. Bxb7 Qxb7 26. bxc5 Qc8 27. c6 Nb8 28. Bb6 Re8 29. c7 Nd7 30. c5 Bxc7 31. Rfc1 Bxb6 32. cxb6 Nxb6 33. Rxc8 Nxa4 34. Rc4 1-0

[Event "RUS-chT"]
[Site "Tomsk"]
[Date "2001.05.16"]
[Round "4"]
[White "Korniushin, Nikolay"]
[Black "Malakhov, Vladimir"]
[Result "0-1"]
[WhiteElo "2470"]
[BlackElo "2623"]
[PlyCount "110"]
[EventDate "2001.05.13"]
[Source "ChessBase"]
[SourceDate "2001.07.03"]

1. d4 d5 2. Nf3 c6 3. g3 e6 4. Bg2 Nf6 5. O-O Nbd7 6. Nbd2 Be7 7. c4 O-O 8. Qc2 b6 9. b3 Bb7 10. Rd1 c5 11. Bb2 Rc8 12. Rac1 b5 13. Qb1 bxc4 14. bxc4 Ba6 15. cxd5 Nxd5 16. e4 Nb4 17. Nf1 Rb8 18. Ne1 Qa5 19. Qa1 Qxa2 20. Bc3 Rb6 21. dxc5 Qxa1 22. Bxa1 Nxc5 23. Bd4 Rb5 24. Nd2 Ra5 25. Ra1 Rxa1 26. Rxa1 Rd8 27. Be3 Rd7 28. e5 h6 29. h4 Bb5 30. Ne4 Nxe4 31. Bxe4 Bc6 32. Bxc6 Nxc6 33. Ra6 Nxe5 34. Rxa7 Rxa7 35. Bxa7 h5 36. Kg2 f6 37. Bd4 Nc6 38. Bc3 Kf7 39. Nd3 e5 40. Kf3 Ke6 41. Nc1 Kd5 42. Ne2 Kc4 43. Be1 Kd3 44. Ng1 Bd6 45. Kg2 e4 46. Kf1 Nd4 47. Ba5 e3 48. fxe3 Nf5 49. Be1 Nxg3+ 50. Kf2 Nf5 51. Kf3 Nxe3 52. Ne2 Nf5 53. Nf4+ Bxf4 54. Kxf4 g6 55. Ba5 Ne3 0-1

[Event "Europa ch 2008"]
[Site "Plovdiv BUL"]
[Date "2008.04.25"]
[Round "5.58"]
[White "Khismatullin, Denis"]
[Black "Stanojoski, Zvonko"]
[Result "1-0"]
[WhiteElo "2584"]
[BlackElo "2506"]
[PlyCount "113"]
[EventDate "2008.04.21"]
[Source "www.chesslib.no"]
[SourceDate "2004.05.04"]

1. d4 d5 2. c4 e6 3. Nf3 c6 4. Nbd2 Nf6 5. g3 Be7 6. Bg2 O-O 7. O-O b5 8. c5 a5 9. Qc2 Nbd7 10. e4 dxe4 11. Nxe4 Nxe4 12. Qxe4 Nf6 13. Qc2 Nd5 14. Re1 Bf6 15. h4 a4 16. a3 Qc7 17. Bg5 Bd7 18. Bf1 h6 19. Bd2 Rfd8 20. Qe4 Be7 21. Bd3 Nf6 22. Qe2 Nd5 23. Rad1 Bc8 24. Ne5 f5 25. Qf3 Bf6 26. Bb1 Bxe5 27. Rxe5 Qf7 28. Ree1 Bd7 29. Bf4 Ra7 30. Bd6 Rb7 31. Bd3 Ra8 32. Rd2 Nf6 33. Be5 Nd5 34. Qd1 b4 35. Bc4 Be8 36. Bd6 Qg6 37. Qe2 Bf7 38. Ra1 Qh5 39. Qe1 f4 40. Be2 f3 41. Bd1 Qf5 42. Bc2 Qh3 43. Qf1 Qxf1+ 44. Kxf1 g5 45. hxg5 hxg5 46. g4 Nf6 47. axb4 Rxb4 48. Ra3 Nxg4 49. Rxf3 Kg7 50. Rg3 Bh5 51. Bd1 Nf6 52. Rxg5+ Kh6 53. Bf4 Bxd1 54. Rxd1 e5 55. Bc1 Rc4 56. Rg3+ Kh5 57. Kg2 1-0

[Event "JUG-ch"]
[Site "Novi Sad"]
[Date "1995.??.??"]
[Round "?"]
[White "Damljanovic, Branko"]
[Black "Drasko, Milan"]
[Result "1-0"]
[WhiteElo "2575"]
[BlackElo "2510"]
[PlyCount "117"]
[EventDate "1995.02.??"]
[Source "ChessBase"]

1. c4 Nf6 2. Nf3 c6 3. d4 d5 4. Nbd2 e6 5. g3 Nbd7 6. Bg2 Be7 7. O-O O-O 8. Qc2 b6 9. e4 Bb7 10. e5 Ne8 11. cxd5 cxd5 12. Re1 Rc8 13. Qb1 Nc7 14. Nf1 a5 15. h4 Re8 16. h5 Nb8 17. h6 g6 18. Ne3 Nc6 19. Ng4 Ba6 20. a3 a4 21. Bd2 Bc4 22. Bf1 Nb5 23. Bc3 Bxf1 24. Rxf1 Nxc3 25. bxc3 Na5 26. Qc2 Nb3 27. Rab1 Qc7 28. Qe2 Qxc3 29. Rfd1 Qc2 30. Qb5 Qc4 31. Qxb6 Rb8 32. Qa7 Qb5 33. Qc7 Rbc8 34. Qa7 Qc6 35. Nf6+ Bxf6 36. exf6 Rc7 37. Ne5 Rxa7 38. Nxc6 Rc7 39. Ne5 Rec8 40. Rb2 Rc3 41. Kg2 Rc2 42. Rdb1 Rxb2 43. Rxb2 Kf8 44. Nd7+ Ke8 45. Nb6 Rc7 46. Nxa4 Nxd4 47. Rb8+ Kd7 48. Rh8 Nf5 49. Rxh7 Kd6 50. Rh8 Nxh6 51. Rxh6 Ke5 52. Rh4 Ra7 53. Nc5 Rxa3 54. Nd7+ Kd6 55. Nf8 Ra8 56. Nh7 Ke5 57. Rb4 Rh8 58. f4+ Kf5 59. Ng5 1-0